| 000 | 00625nam a2200193 i 4500 | ||
|---|---|---|---|
| 001 | 55203 | ||
| 003 | ES-MaACL | ||
| 005 | 20250809062549.0 | ||
| 007 | t| | ||
| 008 | 030915s1929 sp ||||1| spa d | ||
| 100 | 1 |
_aDel Vecchio, Giorgio. _943273 |
|
| 245 | 1 | 0 |
_aFilosofía del derecho / _cGiorgio del Vecchio ; traducción, prólogo y extensas adiciones por Luis Recasens Siches. |
| 260 |
_aBarcelona : _bBosch, _c1929 ( _fNúñez) |
||
| 300 |
_a2 v. ; _c23 cm. |
||
| 650 | 4 |
_aDerecho- _xFilosofía _911620 |
|
| 700 | 1 |
_aRecasens Siches, Luis, _d1903-1977 _995751 |
|
| 852 |
_aES-MaACL _jA-728-29 |
||
| 999 |
_c55203 _d55203 |
||